000 00627nam a2200205 a 4500
001 BRCA_8384
005 20190321142920.0
008 241014s2012----sp-a######---#000-0#spa-#
020 _a9788493965556
041 _aspa
044 _asp
050 4 _b.A73 2012
100 1 _aArbeteta Mira, Letizia
_9224
245 1 0 _aEl niño Jesús de la navidad
_bimágenes de la Colección Lambra
_ctexto y fotografías de Letizia Arbeteta Mira.
260 _aEspaña
_bEditorial AE
_c2012
300 _a113 p.
_bil. (algunas a color)
_c30 cm.
500 _aIncluye obras de la autora
504 _aBibliografía: p. 113
942 _2lcc
_cB
999 _c8052
_d8052